Recomendaciones para construir equidad

Guardado en:
Bibliografiske detaljer
Format: Texto
Fag:
Tags: Tilføj Tag
Ingen Tags, Vær først til at tagge denne postø!

MARC

LEADER 00000 a a2200000 04500
001 10235
003
040
245 |a Recomendaciones para construir equidad  
650 |a INFANCIA  
650 |a ADOLESCENTES  
650 |a EQUIDAD SOCIAL  
650 |a EQUIDAD ECONOMICA  
773 |g número 18 Especial; páginas 5  
999 |c 34589  |d 34589